JetPunk will be down very briefly at 3:00PM EST (12:00PM PST, 8:00PM GST)

Statistics for French Authors Quiz

Click here to take the quiz!

General Stats

  • This quiz has been taken 35 times
  • The average score is 12 of 28

Answer Stats

NovelsAuthor% Correct
Les Misérables;
The Hunchback of Notre-Dame
Victor Hugo
94%
The Three Musketeers;
The Count of Monte Cristo
Alexandre Dumas
94%
20,000 Leagues Under the Sea;
Around the World in Eighty Days
Jules Verne
91%
The Stranger; The PlagueAlbert Camus
78%
Candide; ZadigVoltaire
78%
The Second Sex; The MandarinsSimone de Beauvoir
69%
Madame Bovary; SalammbôGustave Flaubert
66%
In Search of Lost Time; Swann's WayMarcel Proust
66%
L'Assommoir; GerminalÉmile Zola
56%
The Miser; TartuffeMolière
53%
The Little Prince;
Wind, Sand and Stars
Antoine de
Saint-Exupéry
50%
Nausea; Being and NothingnessJean-Paul Sartre
50%
The Flowers of Evil; Le Spleen de ParisCharles Baudelaire
38%
The Charterhouse of Parma;
The Red and the Black
Stendhal
38%
La Mare au Diable; IndianaGeorge Sand
31%
Le Pere Goriot; Eugénie GrandetHonoré de Balzac
31%
Jacques the Fatalist; Memoirs of a NunDenis Diderot
28%
The Horla; The NecklaceGuy de Maupassant
28%
Gargantua; PantagruelFrançois Rabelais
28%
Britannicus; PhèdreJean Racine
28%
Journey to the End of the Night;
Mort a Credit
Louis-Ferdinand
Céline
25%
The Crimes of Love; JustineMarquis de Sade
19%
Atomised; SubmissionMichel Houellebecq
19%
Chéri; GigiColette
19%
Bonjour Tristesse; A Certain SmileFrançoise Sagan
19%
Poèmes saturniens; Fêtes galantesPaul Verlaine
13%
Life a User's Manual; A VoidGeorge Perec
13%
Promise at Dawn; The Life Before UsRomain Gary
3%

Score Distribution

Percentile by Number Answered

Percent of People with Each Score

Your Score History

You have not taken this quiz